书目信息 |
| 题名: |
普通话训练与测试
|
|
| 作者: | 贾正国 主编 | |
| 分册: | ||
| 出版信息: | 开封 河南大学出版社 2003.05 |
|
| 页数: | 345页 | |
| 开本: | 21cm | |
| 丛书名: | 当代学者人文论丛 | |
| 单 册: | ||
| 中图分类: | H102 | |
| 科图分类: | ||
| 主题词: | 普通话--pu tong hua--水平考试--教材 | |
| 电子资源: | ||
| ISBN: | 7-80178-387-5 | |
| 000 | 00830nam 2200241 450 | |
| 001 | 012006133546 | |
| 005 | 20081022105554.01 | |
| 010 | @a7-80178-387-5@dCNY12.60 | |
| 100 | @a20061022d2003 km y0chiy0120 ea | |
| 101 | 0 | @achi |
| 102 | @aCN@b110000 | |
| 105 | @ac z 000yy | |
| 200 | 1 | @a普通话训练与测试@Apu tong hua xun lian yu ce shi@f贾正国主编@Fjia zheng guo zhu bian |
| 210 | @a开封@c河南大学出版社@d2003.05 | |
| 215 | @a345页@c肖像@d21cm | |
| 225 | 2 | @a当代学者人文论丛@Adang dai xue zhe ren wen lun cong@h第12辑 |
| 330 | @a本书主要内容包括:绪论,普通话水平测试训练教程,普通话音和山西方音辩证,朗读训练,说话训练等。 | |
| 410 | 0 | @12001 @a当代学者人文论丛 |
| 606 | 0 | @a普通话@Apu tong hua@x水平考试@j教材 |
| 690 | @aH102@v4 | |
| 701 | 0 | @a贾正国@Ajia zheng guo@4主编 |
| 801 | 0 | @aCN@c20081022 |
| 905 | @dH102@eJ252 | |
| 普通话训练与测试/贾正国主编.-开封:河南大学出版社,2003.05 |
| 345页:肖像;21cm.-(当代学者人文论丛.第12辑) |
| ISBN 7-80178-387-5:CNY12.60 |
| 本书主要内容包括:绪论,普通话水平测试训练教程,普通话音和山西方音辩证,朗读训练,说话训练等。 |
| ● |
| 相关链接 |
|
|
|
正题名:普通话训练与测试
索取号:H102/J252
 
预约/预借
| 序号 | 登录号 | 条形码 | 馆藏地/架位号 | 状态 | 备注 |
| 1 | 457910 | 204579107 | 自科二线504/504自科库 46排4列5层/ [索取号:H102/J252] | 在馆 | |
| 2 | 457911 | 204579116 | 自科二线504/504自科库 46排4列5层/ [索取号:H102/J252] | 在馆 | |
| 3 | 457912 | 204579125 | 自科二线504/504自科库 46排4列5层/ [索取号:H102/J252] | 在馆 | |
| 4 | 457913 | 204579134 | 自科二线504/504自科库 46排4列5层/ [索取号:H102/J252] | 在馆 |